000 00766nam a2200229 a 4500
008 200720s2008 ||||||||||||||||| || u
020 _a9780753515532
050 _aBF 575 .F2 Gar
100 _aGardner, Dan
245 1 0 _aRisk : The science and politics of fear
_cBy Dan Gardner
260 _aCanada
_bVirgin Books
_c2008
300 _a405 pages
650 _aFEAR
650 _aFEAR--POLITICAL ASPECTS
650 _aFEAR--SOCIAL ASPECTS
650 _aRISK
650 _aINFORMATION BEHAVIOUR
650 0 _aCAUSATION
650 _aRISK-TAKING (PSYCHOLOGY)
650 0 _aDECISION MAKING
995 _D24.14
_FCBU-MAIN LIBRARY (Kitwe)
_M1
_UAVAILABLE
_WJul 27, 2020
_ZMain Library Open Access Collection
999 _c56585
_d56585